000 00376cam a2200157ua 4500
041 _aeng
_h
082 _a823.308
_bAUS/MA
100 _aAusten, Jane .
245 _aMansfield park /
_cJane Austen.
_hTextual Documents
250 _a1 /
_b.
260 _aLondon :
_bJ M Dent and Sons Ltd ,
_c1961.
300 _a414 ; .
504 _a
942 _cBK
999 _c7885
_d7885